Hay algo que no es como me dicen : el caso de Nevenka Fernández contra la realidad /

El presente reportaje da cuenta de la investigación que Millás hizo a propósito del caso de acoso sexual sufrido por Nevenka Fernández, concejal del Partido Popular en el Ayuntamiento de Ponferrada, de parte de su jefe el alcalde Ismael Alvarez que, sin embargo, fue defendido por figuras relevantes...

Descrizione completa

Salvato in:
Dettagli Bibliografici
Autore principale: Millás, Juan José (autor)
Natura: Libro
Lingua:spagnolo
Pubblicazione: Madrid, España : Aguilar, 2004, c2004
Edizione:3a edición
Soggetti:
Tags: Aggiungi Tag
Nessun Tag, puoi essere il primo ad aggiungerne!!

MARC

LEADER 00000nam^a2200000^a^4500
001 000272554
005 20250521000000.0
009 20260310111103.861
020 |a 84-03-09471-X 
037 |a Acervo ITESO - Biblioteca 
041 |a ESP 
082 |a 362. 832094688  |b MIL 
100 |a Millás, Juan José  |e (autor) 
245 1 0 |a Hay algo que no es como me dicen :  |b el caso de Nevenka Fernández contra la realidad /  |c J.J. Millás. 
250 |a 3a edición 
264 4 |a Madrid, España :  |b Aguilar,  |c 2004, c2004 
300 |a 209 p. 
336 |a texto  |b txt  |2 rdacontenido 
337 |a sin mediación  |b n  |2 rdamedio 
338 |a volumen  |b nc  |2 rdasoporte 
520 |a El presente reportaje da cuenta de la investigación que Millás hizo a propósito del caso de acoso sexual sufrido por Nevenka Fernández, concejal del Partido Popular en el Ayuntamiento de Ponferrada, de parte de su jefe el alcalde Ismael Alvarez que, sin embargo, fue defendido por figuras relevantes del partido, entre ellas la misma esposa de Aznar, Ana Botella. 
649 |a XX 
650 |a Mujeres -  |z España -  |x Condiciones Sociales y Culturales 
650 |a Municipios -  |z Ponferrada, España 
650 |a Partido Popular -  |z España 
650 |a Acoso Sexual -  |z España -  |x Tema Principal 
650 |a Acoso Laboral -  |z España -  |x Tema Principal 
650 |a Acoso -  |z España 
650 |a Violencia -  |z España 
650 |a Agresividad -  |z España 
650 |a Conducta Antisocial -  |z España 
650 |a Problemas Sociales -  |z España 
650 |a Delitos Sexuales -  |z España 
650 |a Delitos contra la Persona -  |z España 
650 |a Relaciones Laborales -  |z España 
650 |a Victimología 
650 |a Criminología 
650 |a Psicología Laboral 
650 |a Psicología Política 
650 |a Sociología Laboral 
650 |a Sociología Política 
650 |a Fernández, Nevenka -  |x Tema Principal 
650 |a Alvarez, Ismael -  |x Tema Principal 
910 |a Fondo General 
920 |a Impresos - Libros 
930 |a Colección General 
905 |a 101 
901 |a 0500158269  |b IT1  |c ACC  |u 20250521 
902 |a https://opac.biblio.iteso.mx/vufind/Record/000272554